Principes théoriques des systèmes asservis optimaux
Guardat en:
| Autor principal: | |
|---|---|
| Format: | Llibre |
| Idioma: | francès |
| Publicat: |
Moscú
Mir
1973
|
| Matèries: | |
| Etiquetes: |
Afegir etiqueta
Sense etiquetes, Sigues el primer a etiquetar aquest registre!
|
MARC
| LEADER | 00000cam a2200000 a 4500 | ||
|---|---|---|---|
| 001 | UCF4747 | ||
| 003 | CL-VaPUC | ||
| 008 | 121220e19730000RU |||||||||||||||||fre|d | ||
| 082 | 0 | 4 | |a 629.8 |b FEL |2 21 |
| 100 | 0 | |a Feldbaum, A |e author |9 566334 | |
| 245 | 1 | 0 | |a Principes théoriques des systèmes asservis optimaux |
| 300 | |a 444 p | ||
| 942 | |c BK | ||
| 945 | |d 20121220 00:00:00 |a dcastane | ||
| 260 | |a Moscú |b Mir |c 1973 | ||
| 650 | 7 | |a SERVOSISTEMAS |2 CL-VaPUC |9 566335 | |
| 650 | 0 | |a Control automático |9 259890 | |
| 650 | 7 | |a CONTROLADORES |2 CL-VaPUC |9 463802 | |
| 650 | 0 | |a Matemática aplicada |9 260236 | |
| 583 | |a last modification |c 20121220 10:25:00 |k Rodrigo Vera | ||
| 999 | |c 350451 |d 350449 | ||
| 952 | |0 0 |1 0 |4 0 |6 629_800000000000000_FEL_1973 |7 0 |8 A |9 453777 |a BIBMAT |b BIBMAT |d 2019-11-22 |i 4918401 |o 629.8 FEL 1973 |p 4918401 |r 2025-01-07 |w 2019-11-22 |y BK |k MAT | ||